<?xml version="1.0" encoding="UTF-8"?>
<record
    xmlns:xsi="http://www.w3.org/2001/XMLSchema-instance"
    xsi:schemaLocation="http://www.loc.gov/MARC21/slim http://www.loc.gov/standards/marcxml/schema/MARC21slim.xsd"
    xmlns="http://www.loc.gov/MARC21/slim">

  <leader>04799nam a2200661 a 4500</leader>
  <controlfield tag="001">Z_5349</controlfield>
  <controlfield tag="003">CHAP</controlfield>
  <controlfield tag="005">20250728085636.0</controlfield>
  <controlfield tag="006">g||||gq||z|  0| 0 </controlfield>
  <controlfield tag="007">ta</controlfield>
  <controlfield tag="008">220113s2009    ck ao  gr     001 0 spa d</controlfield>
  <datafield tag="010" ind1=" " ind2=" ">
    <subfield code="a">168416</subfield>
  </datafield>
  <datafield tag="020" ind1=" " ind2=" ">
    <subfield code="a">987-958-96086-7-8</subfield>
    <subfield code="q">(obra completa)</subfield>
  </datafield>
  <datafield tag="020" ind1=" " ind2=" ">
    <subfield code="a">978-958-8203-06-5</subfield>
    <subfield code="q">(tomo 1)</subfield>
  </datafield>
  <datafield tag="020" ind1=" " ind2=" ">
    <subfield code="a">978-958-97181-2-4</subfield>
    <subfield code="q">(tomo 2)</subfield>
  </datafield>
  <datafield tag="020" ind1=" " ind2=" ">
    <subfield code="a">978-958-8203-65-2</subfield>
    <subfield code="q">(tomo 3)</subfield>
  </datafield>
  <datafield tag="020" ind1=" " ind2=" ">
    <subfield code="a">978-958-8203-67-6</subfield>
    <subfield code="q">(tomo 4)</subfield>
  </datafield>
  <datafield tag="020" ind1=" " ind2=" ">
    <subfield code="a">978-958-97181-0-0</subfield>
    <subfield code="q">(tomo 5)</subfield>
  </datafield>
  <datafield tag="020" ind1=" " ind2=" ">
    <subfield code="a">978-958-8203-02-7</subfield>
    <subfield code="q">(tomo 6)</subfield>
  </datafield>
  <datafield tag="020" ind1=" " ind2=" ">
    <subfield code="a">978-958-8203-00-3</subfield>
    <subfield code="q">(tomo 7)</subfield>
  </datafield>
  <datafield tag="020" ind1=" " ind2=" ">
    <subfield code="a">978-958-97181-4-8</subfield>
    <subfield code="q">(tomo 8)</subfield>
  </datafield>
  <datafield tag="020" ind1=" " ind2=" ">
    <subfield code="a">978-958-97181-6-2</subfield>
    <subfield code="q">(tomo 9)</subfield>
  </datafield>
  <datafield tag="020" ind1=" " ind2=" ">
    <subfield code="a">978-958-8203-07-2</subfield>
    <subfield code="q">(tomo 10)</subfield>
  </datafield>
  <datafield tag="020" ind1=" " ind2=" ">
    <subfield code="a">958-96086-7-1</subfield>
    <subfield code="q">(CD)</subfield>
  </datafield>
  <datafield tag="040" ind1=" " ind2=" ">
    <subfield code="c">CHAP</subfield>
    <subfield code="a">Z</subfield>
  </datafield>
  <datafield tag="041" ind1="0" ind2=" ">
    <subfield code="b">Espa&#xF1;ol</subfield>
    <subfield code="f">Espa&#xF1;ol</subfield>
  </datafield>
  <datafield tag="082" ind1="0" ind2="0">
    <subfield code="a">636 </subfield>
    <subfield code="b">D87 2009</subfield>
    <subfield code="2">20</subfield>
  </datafield>
  <datafield tag="100" ind1="1" ind2=" ">
    <subfield code="a">Dur&#xE1;n Ram&#xED;rez, Felipe</subfield>
    <subfield code="9">34702</subfield>
    <subfield code="e">autor</subfield>
  </datafield>
  <datafield tag="240" ind1="1" ind2=" ">
    <subfield code="a">Granaja Integral </subfield>
  </datafield>
  <datafield tag="245" ind1="1" ind2="0">
    <subfield code="a">Granaja Integral :</subfield>
    <subfield code="b">producci&#xF3;n pecuaria /</subfield>
    <subfield code="c">Jaime Dur&#xE1;n Naranjo</subfield>
  </datafield>
  <datafield tag="264" ind1=" " ind2="1">
    <subfield code="a">Colombia :</subfield>
    <subfield code="b">Grupo Latino Editorial,</subfield>
    <subfield code="c">2009</subfield>
  </datafield>
  <datafield tag="300" ind1=" " ind2=" ">
    <subfield code="a">10 tomos:</subfield>
    <subfield code="b">ilustraciones a color, tablas, fotograf&#xED;as a color + 1 CD-ROM</subfield>
  </datafield>
  <datafield tag="336" ind1=" " ind2=" ">
    <subfield code="2">rdacontent</subfield>
    <subfield code="a">texto </subfield>
    <subfield code="b">txt </subfield>
  </datafield>
  <datafield tag="337" ind1=" " ind2=" ">
    <subfield code="2">rdamedia </subfield>
    <subfield code="a">sin medio </subfield>
    <subfield code="b">n </subfield>
  </datafield>
  <datafield tag="338" ind1=" " ind2=" ">
    <subfield code="2">rdacarrier </subfield>
    <subfield code="a">volumen </subfield>
    <subfield code="b">nc </subfield>
  </datafield>
  <datafield tag="490" ind1="1" ind2="0">
    <subfield code="a">Volvamos al campo (Grupo Latino Editores)</subfield>
  </datafield>
  <datafield tag="500" ind1=" " ind2=" ">
    <subfield code="a">Tomo 1 ej.1 - ej.2 : consumo Tomo 1 ej.3: s/n (sin sellos) / Tomo 2 ej.1 - ej.2: C/E Tomo2 ej.3: s/n (sin sellos) / Tomo 3 ej.1: C/E ej.2: s/n (sin sellos) / Tomo 4 ej.1: s/n (sin sellos) / Tomo 5 ej.1: reposici&#xF3;n (del t&#xED;tulo Vacuno de leche de alta producci&#xF3;n: sus alojamientos en instalaciones. Buxade Carbo,Carlos. ej.1 adq. 5819) Tomo 5 ej.2: s/n (sin sellos) / Tomo 6 ej.1: s/n (sin sellos) / Tomo 7 ej.1: s/n (sin sellos) / Tomo 8 ej.1: reposici&#xF3;n Tomo 8 ej. 2: s/n (sin sellos) / Tomo 9 ej.1: I.I. 0073(sin sellos) Tomo 9 ej.2: Reposici&#xF3;n Tomo 9 ej.3: s/n (sin sellos) / Tomo 10 ej.1:  s/n (sin sellos)</subfield>
  </datafield>
  <datafield tag="504" ind1=" " ind2=" ">
    <subfield code="a">Incluye bibliograf&#xED;a</subfield>
  </datafield>
  <datafield tag="505" ind1="0" ind2="0">
    <subfield code="g">Tomo 1. Manejo y construcci&#xF3;n en aves de corral: Construcciones, equipo, manejo y nutrici&#xF3;n -- Tomo 2. L&#xE1;cteos y sus derivados: obtenci&#xF3;n, conservaci&#xF3;n y procesos -- Tomo 3. Manual pr&#xE1;ctico de la avestruz: anatom&#xED;a, manejo, alimentaci&#xF3;n y explotaci&#xF3;n -- Tomo 4. Cr&#xED;a de aves a la intemperie: manejo, nutrici&#xF3;n, equipo y aves ex&#xF3;ticas -- Tomo 5. Manual de construcciones pecuarias: explotaci&#xF3;n pisc&#xED;cola, planos y corrales -- Tomo 6. Transferencia de embriones en bovinos y equinos: importancia, m&#xE9;todos y evaluaci&#xF3;n -- Tomo 7. Sanidad animal en peque&#xF1;as especies: enfermedades, anomal&#xED;as y alteraciones -- Tomo 8. Inseminaci&#xF3;n en caprinos, ovinos, conejos, aves de corral y porcinos: caracter&#xED;sticas, m&#xE9;todos, t&#xE9;cnicas y pasos -- Tomo 9. Cultivos de pastos y forrajes: silvopastoriles, forraje verde hidrop&#xF3;nico -- Tomo 10.  Cr&#xED;a de levante de porcinos en corrales y a la intemperie: instalaciones, manejo, nutrici&#xF3;n y enfermedades.</subfield>
  </datafield>
  <datafield tag="520" ind1=" " ind2=" ">
    <subfield code="a">Granja Integral es una colecci&#xF3;n completa que le permitir&#xE1; obtener toda la informaci&#xF3;n necesaria en igual numero de &#xE1;reas de la producci&#xF3;n agraria para quienes desean ingresar al negocio del campo o bien para quienes est&#xE1;n en &#xE9;l deseen obtener la orientaci&#xF3;n que le permita mejorar o tecnificar lo que ya tienen.  Son 22 tomos elaborados con la informaci&#xF3;n b&#xE1;sica que requiere el hombre o la mujer del campo para poner a producir sus tierras, en los sectores agr&#xED;colas y pecuarios. Es una informaci&#xF3;n sencilla y de f&#xE1;cil comprensi&#xF3;n, acompa&#xF1;ada de fotograf&#xED;as, ilustraciones y cuadros estad&#xED;sticos o de producci&#xF3;n. en el &#xE1;rea de producci&#xF3;n animal, se han seleccionado temas b&#xE1;sicos de gran inter&#xE9;s econ&#xF3;mico en la actualidad que se adaptan a diferentes regiones y climas. En cada uno de los libros se presenta informaci&#xF3;n relacionada con las caracter&#xED;sticas de los animales, inseminaci&#xF3;n, razas, construcciones, equipos, alimentaci&#xF3;n, nutrici&#xF3;n, manejo de producci&#xF3;n, enfermedades, costos de producci&#xF3;n, entre otros.</subfield>
  </datafield>
  <datafield tag="650" ind1="1" ind2="3">
    <subfield code="a">Producci&#xF3;n pecuaria</subfield>
    <subfield code="9">189647</subfield>
  </datafield>
  <datafield tag="650" ind1="1" ind2="3">
    <subfield code="a">Aves de corral</subfield>
    <subfield code="9">8636</subfield>
    <subfield code="x">Nutrici&#xF3;n</subfield>
  </datafield>
  <datafield tag="650" ind1="1" ind2="3">
    <subfield code="a">Explotaci&#xF3;n lechera</subfield>
    <subfield code="9">189079</subfield>
  </datafield>
  <datafield tag="650" ind1="1" ind2="4">
    <subfield code="a">Avestruces, Cr&#xED;a de </subfield>
    <subfield code="9">142725</subfield>
  </datafield>
  <datafield tag="650" ind1="1" ind2="3">
    <subfield code="a">Ganado alternativo</subfield>
    <subfield code="9">146764</subfield>
  </datafield>
  <datafield tag="650" ind1="1" ind2="3">
    <subfield code="a">Estructuras e instalaciones agrarias</subfield>
    <subfield code="9">143224</subfield>
    <subfield code="x">Dise&#xF1;o; Trazado</subfield>
  </datafield>
  <datafield tag="650" ind1="1" ind2="3">
    <subfield code="a">Tecnolog&#xED;as de reproducci&#xF3;n asistidas</subfield>
    <subfield code="9">138430</subfield>
  </datafield>
  <datafield tag="650" ind1="1" ind2="3">
    <subfield code="a">Transferencia de embriones</subfield>
    <subfield code="9">140779</subfield>
  </datafield>
  <datafield tag="650" ind1="1" ind2="3">
    <subfield code="a">Salud animal</subfield>
    <subfield code="9">101809</subfield>
  </datafield>
  <datafield tag="650" ind1="1" ind2="0">
    <subfield code="a">Manejo de pastos</subfield>
    <subfield code="9">143698</subfield>
  </datafield>
  <datafield tag="650" ind1="1" ind2="0">
    <subfield code="a">Cr&#xED;a de cerdos</subfield>
    <subfield code="9">138237</subfield>
  </datafield>
  <datafield tag="830" ind1=" " ind2="0">
    <subfield code="a">Volvamos al campo (Grupo Latino Editores)</subfield>
    <subfield code="9">189630</subfield>
  </datafield>
  <datafield tag="901" ind1=" " ind2=" ">
    <subfield code="a">636.59 D87</subfield>
  </datafield>
  <datafield tag="902" ind1=" " ind2=" ">
    <subfield code="a">M</subfield>
  </datafield>
  <datafield tag="910" ind1=" " ind2=" ">
    <subfield code="a">2009</subfield>
  </datafield>
  <datafield tag="942" ind1=" " ind2=" ">
    <subfield code="c">LIBRO</subfield>
    <subfield code="2">ddc</subfield>
  </datafield>
  <datafield tag="942" ind1=" " ind2=" ">
    <subfield code="c">LIBRO</subfield>
    <subfield code="2">ddc</subfield>
  </datafield>
  <datafield tag="999" ind1=" " ind2=" ">
    <subfield code="c">168416</subfield>
    <subfield code="d">168416</subfield>
  </datafield>
  <datafield tag="952" ind1=" " ind2=" ">
    <subfield code="0">0</subfield>
    <subfield code="1">0</subfield>
    <subfield code="2">ddc</subfield>
    <subfield code="4">0</subfield>
    <subfield code="5">1</subfield>
    <subfield code="7">0</subfield>
    <subfield code="8">GRAL</subfield>
    <subfield code="a">Z</subfield>
    <subfield code="b">Z</subfield>
    <subfield code="d">2014-05-15</subfield>
    <subfield code="e">Compra Libreria UACh No. 34577</subfield>
    <subfield code="h">Tomo: 1</subfield>
    <subfield code="i">Consumo</subfield>
    <subfield code="l">0</subfield>
    <subfield code="o">636  D87 2009</subfield>
    <subfield code="p">5102006316</subfield>
    <subfield code="r">2024-09-27 13:29:16</subfield>
    <subfield code="t">Ej.1 T.1</subfield>
    <subfield code="w">2024-09-27</subfield>
    <subfield code="y">LIBRO</subfield>
  </datafield>
  <datafield tag="952" ind1=" " ind2=" ">
    <subfield code="0">0</subfield>
    <subfield code="1">0</subfield>
    <subfield code="2">ddc</subfield>
    <subfield code="4">0</subfield>
    <subfield code="5">1</subfield>
    <subfield code="7">0</subfield>
    <subfield code="8">GRAL</subfield>
    <subfield code="a">Z</subfield>
    <subfield code="b">Z</subfield>
    <subfield code="d">2014-05-15</subfield>
    <subfield code="e">Compra Libreria UACh No. 34577</subfield>
    <subfield code="h">Tomo: 1</subfield>
    <subfield code="i">Consumo</subfield>
    <subfield code="l">0</subfield>
    <subfield code="o">636  D87 2009</subfield>
    <subfield code="p">5102006317</subfield>
    <subfield code="r">2024-09-27 13:37:48</subfield>
    <subfield code="t">Ej.2 T.1</subfield>
    <subfield code="w">2024-09-27</subfield>
    <subfield code="y">LIBRO</subfield>
  </datafield>
  <datafield tag="952" ind1=" " ind2=" ">
    <subfield code="0">0</subfield>
    <subfield code="1">0</subfield>
    <subfield code="2">ddc</subfield>
    <subfield code="4">0</subfield>
    <subfield code="5">1</subfield>
    <subfield code="7">0</subfield>
    <subfield code="8">GRAL</subfield>
    <subfield code="a">Z</subfield>
    <subfield code="b">Z</subfield>
    <subfield code="d">2014-10-31</subfield>
    <subfield code="e">Compra Libreria UACh No. 34784</subfield>
    <subfield code="h">Tomo: 1</subfield>
    <subfield code="i">S/N</subfield>
    <subfield code="l">0</subfield>
    <subfield code="o">636  D87 2009</subfield>
    <subfield code="p">5102007463</subfield>
    <subfield code="r">2024-09-27 13:40:25</subfield>
    <subfield code="t">Ej.3 T.1</subfield>
    <subfield code="w">2024-09-27</subfield>
    <subfield code="y">LIBRO</subfield>
  </datafield>
  <datafield tag="952" ind1=" " ind2=" ">
    <subfield code="0">0</subfield>
    <subfield code="1">0</subfield>
    <subfield code="2">ddc</subfield>
    <subfield code="4">0</subfield>
    <subfield code="5">1</subfield>
    <subfield code="7">0</subfield>
    <subfield code="8">GRAL</subfield>
    <subfield code="a">Z</subfield>
    <subfield code="b">Z</subfield>
    <subfield code="d">2010-12-03</subfield>
    <subfield code="e">Compra</subfield>
    <subfield code="h">Tomo: 2</subfield>
    <subfield code="i">C/E</subfield>
    <subfield code="l">0</subfield>
    <subfield code="o">636  D87 2009</subfield>
    <subfield code="p">5102000521</subfield>
    <subfield code="r">2024-09-27 13:58:27</subfield>
    <subfield code="t">Ej.1 T.2</subfield>
    <subfield code="w">2024-09-27</subfield>
    <subfield code="y">LIBRO</subfield>
  </datafield>
  <datafield tag="952" ind1=" " ind2=" ">
    <subfield code="0">0</subfield>
    <subfield code="1">0</subfield>
    <subfield code="2">ddc</subfield>
    <subfield code="4">0</subfield>
    <subfield code="5">1</subfield>
    <subfield code="7">0</subfield>
    <subfield code="8">GRAL</subfield>
    <subfield code="a">Z</subfield>
    <subfield code="b">Z</subfield>
    <subfield code="d">2010-12-13</subfield>
    <subfield code="e">Compra</subfield>
    <subfield code="h">Tomo: 2</subfield>
    <subfield code="i">C/E</subfield>
    <subfield code="l">0</subfield>
    <subfield code="o">636  D87 2009</subfield>
    <subfield code="p">5102000522</subfield>
    <subfield code="r">2024-09-27 14:00:13</subfield>
    <subfield code="t">Ej.2 T.2</subfield>
    <subfield code="w">2024-09-27</subfield>
    <subfield code="y">LIBRO</subfield>
  </datafield>
  <datafield tag="952" ind1=" " ind2=" ">
    <subfield code="0">0</subfield>
    <subfield code="1">0</subfield>
    <subfield code="2">ddc</subfield>
    <subfield code="4">0</subfield>
    <subfield code="5">1</subfield>
    <subfield code="7">0</subfield>
    <subfield code="8">GRAL</subfield>
    <subfield code="a">Z</subfield>
    <subfield code="b">Z</subfield>
    <subfield code="d">2014-10-31</subfield>
    <subfield code="e">Compra Libreria UACh No. 34784</subfield>
    <subfield code="h">Tomo: 2</subfield>
    <subfield code="i">S/N</subfield>
    <subfield code="l">0</subfield>
    <subfield code="o">636  D87 2009</subfield>
    <subfield code="p">5102007464</subfield>
    <subfield code="r">2024-09-27 14:00:13</subfield>
    <subfield code="t">Ej.3 T.2</subfield>
    <subfield code="w">2024-09-27</subfield>
    <subfield code="y">LIBRO</subfield>
  </datafield>
  <datafield tag="952" ind1=" " ind2=" ">
    <subfield code="0">0</subfield>
    <subfield code="1">0</subfield>
    <subfield code="2">ddc</subfield>
    <subfield code="4">0</subfield>
    <subfield code="5">1</subfield>
    <subfield code="7">0</subfield>
    <subfield code="8">GRAL</subfield>
    <subfield code="a">Z</subfield>
    <subfield code="b">Z</subfield>
    <subfield code="d">2010-10-25</subfield>
    <subfield code="e">Compra</subfield>
    <subfield code="h">Tomo: 3</subfield>
    <subfield code="i">C/E</subfield>
    <subfield code="l">0</subfield>
    <subfield code="o">636  D87 2009</subfield>
    <subfield code="p">5102000502</subfield>
    <subfield code="r">2024-09-27 14:03:43</subfield>
    <subfield code="t">Ej.1 T.3</subfield>
    <subfield code="w">2024-09-27</subfield>
    <subfield code="y">LIBRO</subfield>
  </datafield>
  <datafield tag="952" ind1=" " ind2=" ">
    <subfield code="0">0</subfield>
    <subfield code="1">0</subfield>
    <subfield code="2">ddc</subfield>
    <subfield code="4">0</subfield>
    <subfield code="5">1</subfield>
    <subfield code="7">0</subfield>
    <subfield code="8">GRAL</subfield>
    <subfield code="a">Z</subfield>
    <subfield code="b">Z</subfield>
    <subfield code="d">2014-10-31</subfield>
    <subfield code="e">Compra Libreria UACh No. 34784</subfield>
    <subfield code="h">Tomo: 3</subfield>
    <subfield code="i">S/N</subfield>
    <subfield code="l">0</subfield>
    <subfield code="o">636  D87 2009</subfield>
    <subfield code="p">5102007465</subfield>
    <subfield code="r">2024-09-27 14:03:43</subfield>
    <subfield code="t">Ej.2 T.3</subfield>
    <subfield code="w">2024-09-27</subfield>
    <subfield code="y">LIBRO</subfield>
  </datafield>
  <datafield tag="952" ind1=" " ind2=" ">
    <subfield code="0">0</subfield>
    <subfield code="1">0</subfield>
    <subfield code="2">ddc</subfield>
    <subfield code="4">0</subfield>
    <subfield code="5">1</subfield>
    <subfield code="7">0</subfield>
    <subfield code="8">GRAL</subfield>
    <subfield code="a">Z</subfield>
    <subfield code="b">Z</subfield>
    <subfield code="d">2014-10-31</subfield>
    <subfield code="e">Compra Libreria UACh No. 34784</subfield>
    <subfield code="h">Tomo: 4</subfield>
    <subfield code="i">S/N</subfield>
    <subfield code="l">0</subfield>
    <subfield code="o">636  D87 2009</subfield>
    <subfield code="p">5102007466</subfield>
    <subfield code="r">2024-09-27 14:07:10</subfield>
    <subfield code="t">Ej.1 T.4</subfield>
    <subfield code="w">2024-09-27</subfield>
    <subfield code="y">LIBRO</subfield>
  </datafield>
  <datafield tag="952" ind1=" " ind2=" ">
    <subfield code="0">0</subfield>
    <subfield code="1">0</subfield>
    <subfield code="2">ddc</subfield>
    <subfield code="4">0</subfield>
    <subfield code="5">1</subfield>
    <subfield code="7">0</subfield>
    <subfield code="8">GRAL</subfield>
    <subfield code="a">Z</subfield>
    <subfield code="b">Z</subfield>
    <subfield code="d">2024-09-27</subfield>
    <subfield code="e">Reposici&#xF3;n</subfield>
    <subfield code="h">Tomo: 5</subfield>
    <subfield code="i">S/N</subfield>
    <subfield code="l">0</subfield>
    <subfield code="o">636  D87 2009</subfield>
    <subfield code="p">5102005858</subfield>
    <subfield code="r">2024-09-27 14:10:48</subfield>
    <subfield code="t">Ej.1 T.5</subfield>
    <subfield code="w">2024-09-27</subfield>
    <subfield code="y">LIBRO</subfield>
  </datafield>
  <datafield tag="952" ind1=" " ind2=" ">
    <subfield code="0">0</subfield>
    <subfield code="1">0</subfield>
    <subfield code="2">ddc</subfield>
    <subfield code="4">0</subfield>
    <subfield code="5">1</subfield>
    <subfield code="7">0</subfield>
    <subfield code="8">GRAL</subfield>
    <subfield code="a">Z</subfield>
    <subfield code="b">Z</subfield>
    <subfield code="d">2014-10-31</subfield>
    <subfield code="e">Compra Libreria UACh No. 34784</subfield>
    <subfield code="h">Tomo: 5</subfield>
    <subfield code="i">S/N</subfield>
    <subfield code="l">0</subfield>
    <subfield code="o">636  D87 2009</subfield>
    <subfield code="p">5102007467</subfield>
    <subfield code="r">2024-09-27 14:10:48</subfield>
    <subfield code="t">Ej.2 T.5</subfield>
    <subfield code="w">2024-09-27</subfield>
    <subfield code="y">LIBRO</subfield>
  </datafield>
  <datafield tag="952" ind1=" " ind2=" ">
    <subfield code="0">0</subfield>
    <subfield code="1">0</subfield>
    <subfield code="2">ddc</subfield>
    <subfield code="4">0</subfield>
    <subfield code="5">1</subfield>
    <subfield code="7">0</subfield>
    <subfield code="8">GRAL</subfield>
    <subfield code="a">Z</subfield>
    <subfield code="b">Z</subfield>
    <subfield code="d">2014-10-31</subfield>
    <subfield code="e">Compra Libreria UACh No. 34784</subfield>
    <subfield code="h">Tomo: 6</subfield>
    <subfield code="i">S/N</subfield>
    <subfield code="l">0</subfield>
    <subfield code="o">636  D87 2009</subfield>
    <subfield code="p">5102007468</subfield>
    <subfield code="r">2024-09-27 14:10:48</subfield>
    <subfield code="t">Ej.1 T.6</subfield>
    <subfield code="w">2024-09-27</subfield>
    <subfield code="y">LIBRO</subfield>
  </datafield>
  <datafield tag="952" ind1=" " ind2=" ">
    <subfield code="0">0</subfield>
    <subfield code="1">0</subfield>
    <subfield code="2">ddc</subfield>
    <subfield code="4">0</subfield>
    <subfield code="5">1</subfield>
    <subfield code="7">0</subfield>
    <subfield code="8">GRAL</subfield>
    <subfield code="a">Z</subfield>
    <subfield code="b">Z</subfield>
    <subfield code="d">2014-10-31</subfield>
    <subfield code="e">Compra Libreria UACh No. 34784</subfield>
    <subfield code="h">Tomo: 7</subfield>
    <subfield code="i">S/N</subfield>
    <subfield code="l">0</subfield>
    <subfield code="o">636  D87 2009</subfield>
    <subfield code="p">5102007469</subfield>
    <subfield code="r">2024-09-27 14:10:48</subfield>
    <subfield code="t">Ej.1 T.7</subfield>
    <subfield code="w">2024-09-27</subfield>
    <subfield code="y">LIBRO</subfield>
  </datafield>
  <datafield tag="952" ind1=" " ind2=" ">
    <subfield code="0">0</subfield>
    <subfield code="1">0</subfield>
    <subfield code="2">ddc</subfield>
    <subfield code="4">0</subfield>
    <subfield code="5">1</subfield>
    <subfield code="7">0</subfield>
    <subfield code="8">GRAL</subfield>
    <subfield code="a">Z</subfield>
    <subfield code="b">Z</subfield>
    <subfield code="d">2014-10-31</subfield>
    <subfield code="e">Compra Libreria UACh No. 34784</subfield>
    <subfield code="h">Tomo: 8</subfield>
    <subfield code="i">S/N</subfield>
    <subfield code="l">0</subfield>
    <subfield code="o">636  D87 2009</subfield>
    <subfield code="p">5102007470</subfield>
    <subfield code="r">2024-10-02 10:41:11</subfield>
    <subfield code="t">Ej.2 T.8</subfield>
    <subfield code="w">2024-10-02</subfield>
    <subfield code="y">LIBRO</subfield>
  </datafield>
  <datafield tag="952" ind1=" " ind2=" ">
    <subfield code="0">0</subfield>
    <subfield code="1">0</subfield>
    <subfield code="2">ddc</subfield>
    <subfield code="4">0</subfield>
    <subfield code="5">1</subfield>
    <subfield code="7">0</subfield>
    <subfield code="8">GRAL</subfield>
    <subfield code="a">Z</subfield>
    <subfield code="b">Z</subfield>
    <subfield code="d">2024-10-02</subfield>
    <subfield code="e">Reposici&#xF3;n</subfield>
    <subfield code="h">Tomo: 8</subfield>
    <subfield code="i">S/N</subfield>
    <subfield code="l">0</subfield>
    <subfield code="o">636  D87 2009</subfield>
    <subfield code="p">5102006020</subfield>
    <subfield code="r">2024-10-02 10:41:11</subfield>
    <subfield code="t">Ej.1 T.8</subfield>
    <subfield code="w">2024-10-02</subfield>
    <subfield code="y">LIBRO</subfield>
  </datafield>
  <datafield tag="952" ind1=" " ind2=" ">
    <subfield code="0">0</subfield>
    <subfield code="1">0</subfield>
    <subfield code="2">ddc</subfield>
    <subfield code="4">0</subfield>
    <subfield code="5">1</subfield>
    <subfield code="7">0</subfield>
    <subfield code="8">GRAL</subfield>
    <subfield code="a">Z</subfield>
    <subfield code="b">Z</subfield>
    <subfield code="d">2014-10-31</subfield>
    <subfield code="e">Compra Libreria UACh No. 34784</subfield>
    <subfield code="h">Tomo: 9</subfield>
    <subfield code="i">S/N</subfield>
    <subfield code="l">0</subfield>
    <subfield code="o">636  D87 2009</subfield>
    <subfield code="p">5102007471</subfield>
    <subfield code="r">2024-10-02 10:41:11</subfield>
    <subfield code="t">Ej.3 T.9</subfield>
    <subfield code="w">2024-10-02</subfield>
    <subfield code="y">LIBRO</subfield>
  </datafield>
  <datafield tag="952" ind1=" " ind2=" ">
    <subfield code="0">0</subfield>
    <subfield code="1">0</subfield>
    <subfield code="2">ddc</subfield>
    <subfield code="4">0</subfield>
    <subfield code="5">1</subfield>
    <subfield code="7">0</subfield>
    <subfield code="8">GRAL</subfield>
    <subfield code="a">Z</subfield>
    <subfield code="b">Z</subfield>
    <subfield code="d">2024-10-02</subfield>
    <subfield code="e">Compra</subfield>
    <subfield code="h">Tomo: 9</subfield>
    <subfield code="i">S/N</subfield>
    <subfield code="l">0</subfield>
    <subfield code="o">636  D87 2009</subfield>
    <subfield code="p">5102006009</subfield>
    <subfield code="r">2024-10-02 10:49:30</subfield>
    <subfield code="t">Ej.1 T.9</subfield>
    <subfield code="w">2024-10-02</subfield>
    <subfield code="y">LIBRO</subfield>
  </datafield>
  <datafield tag="952" ind1=" " ind2=" ">
    <subfield code="0">0</subfield>
    <subfield code="1">0</subfield>
    <subfield code="2">ddc</subfield>
    <subfield code="4">0</subfield>
    <subfield code="5">1</subfield>
    <subfield code="7">0</subfield>
    <subfield code="8">GRAL</subfield>
    <subfield code="a">Z</subfield>
    <subfield code="b">Z</subfield>
    <subfield code="d">2024-10-02</subfield>
    <subfield code="e">Reposici&#xF3;n</subfield>
    <subfield code="h">Tomo: 9</subfield>
    <subfield code="i">S/N</subfield>
    <subfield code="l">0</subfield>
    <subfield code="o">636  D87 2009</subfield>
    <subfield code="p">5102001595</subfield>
    <subfield code="r">2024-10-02 10:49:30</subfield>
    <subfield code="t">Ej.2 T.9</subfield>
    <subfield code="w">2024-10-02</subfield>
    <subfield code="y">LIBRO</subfield>
  </datafield>
  <datafield tag="952" ind1=" " ind2=" ">
    <subfield code="0">0</subfield>
    <subfield code="1">0</subfield>
    <subfield code="2">ddc</subfield>
    <subfield code="4">0</subfield>
    <subfield code="5">1</subfield>
    <subfield code="7">0</subfield>
    <subfield code="8">GRAL</subfield>
    <subfield code="a">Z</subfield>
    <subfield code="b">Z</subfield>
    <subfield code="d">2014-10-31</subfield>
    <subfield code="e">Compra Libreria UACh No. 34784</subfield>
    <subfield code="h">Tomo: 10</subfield>
    <subfield code="i">S/N</subfield>
    <subfield code="l">0</subfield>
    <subfield code="o">636  D87 2009</subfield>
    <subfield code="p">5102007472</subfield>
    <subfield code="r">2024-10-02 10:49:30</subfield>
    <subfield code="t">Ej.1 T.10</subfield>
    <subfield code="w">2024-10-02</subfield>
    <subfield code="y">LIBRO</subfield>
  </datafield>
  <datafield tag="952" ind1=" " ind2=" ">
    <subfield code="0">0</subfield>
    <subfield code="1">0</subfield>
    <subfield code="2">ddc</subfield>
    <subfield code="4">0</subfield>
    <subfield code="7">1</subfield>
    <subfield code="8">GRAL</subfield>
    <subfield code="a">Z</subfield>
    <subfield code="b">Z</subfield>
    <subfield code="d">2014-10-31</subfield>
    <subfield code="e">Compra Libreria UACh No. 34784</subfield>
    <subfield code="i">S/N</subfield>
    <subfield code="l">0</subfield>
    <subfield code="o">636  D87 2009</subfield>
    <subfield code="p">5102007473</subfield>
    <subfield code="r">2024-10-02 10:49:30</subfield>
    <subfield code="t">CD 1 </subfield>
    <subfield code="w">2024-10-02</subfield>
    <subfield code="y">CD</subfield>
  </datafield>
</record>
